| Tag |
First Indicator |
Second Indicator |
Subfields |
| LEADER |
00000cam a2200000La 4500 |
| 001 |
in00002294913 |
| 005 |
20190326195526.0 |
| 006 |
m | d | |
| 007 |
cr |n||||||||n |
| 008 |
870629s1695 enk s 000 0 eng d |
| 040 |
|
|
|a GKS
|c GKS
|d OCL
|d Thomson Gale
|d UtOrBLW
|
| 043 |
|
|
|a e-uk---
|
| 100 |
1 |
|
|a L'Estrange, Roger,
|c Sir,
|d 1616-1704.
|
| 245 |
1 |
2 |
|a A discourse of the fishery :
|b briefly laying open, not only the advantages, and facility of the undertaking, but likewise the absolute necessity of it : asserted and vindicated from all materiall obejections /
|c by Sir Roger L'Estrange.
|
| 264 |
|
3 |
|a London :
|b Printed for Charles Brome ...,
|c 1695.
|
| 300 |
|
|
|a 2 unnumbered pages, 10 pages
|
| 336 |
|
|
|a text
|b txt
|2 rdacontent
|
| 337 |
|
|
|a computer
|b c
|2 rdamedia
|
| 338 |
|
|
|a online resource
|b cr
|2 rdacarrier
|
| 500 |
|
|
|a "Printed in 1674, and now re-printed at the request of the undertakers of the Royal Fishery."
|
| 500 |
|
|
|a Reproduction of original from Goldsmiths' Library, University of London.
|
| 500 |
|
|
|a Goldsmiths'-Kress number 03066.
|
| 510 |
4 |
|
|a Wing
|c L1237.
|
| 510 |
4 |
|
|a OCLC,
|c 20889784
|
| 533 |
|
|
|a Electronic reproduction.
|b Farmington Hills, Mich. :
|c Thomson Gale,
|d 2005.
|f (The making of the modern world).
|n Available via the World Wide Web.
|n Access limited to licensing agreements.
|7 s2005 miunns
|
| 500 |
|
|
|a Electronic resource.
|
| 650 |
|
0 |
|a Fisheries
|z Great Britain
|v Early works to 1800.
|
| 655 |
|
0 |
|a Electronic books.
|
| 830 |
|
0 |
|a Making of the modern world (Goldsmiths'-Kress Library of Economic Literature)
|
| 856 |
4 |
0 |
|u http://proxy.library.tamu.edu/login?url=http://galenet.galegroup.com/servlet/MOME?af=RN&ae=U102208546&srchtp=a&ste=14&locID=txshracd2898
|z Connect to the full text of this electronic book
|t 0
|
| 999 |
|
|
|a MARS
|
| 999 |
f |
f |
|s 251a15bd-9bbc-3ff6-b380-658d64efb63b
|i f4c833f4-e582-3a49-bafb-cf3d481b7ade
|t 0
|
| 952 |
f |
f |
|a Texas A&M University
|b College Station
|c Electronic Resources
|d Available Online
|t 0
|h No information provided
|
| 998 |
f |
f |
|t 0
|l Available Online
|